| 000 | 02334nam a2200217Ia 4500 | ||
|---|---|---|---|
| 003 | Ost | ||
| 005 | 20260416102401.0 | ||
| 008 | 260416s9999||||xx |||||||||||||| ||und|| | ||
| 040 | _cfsecg | ||
| 041 | _aara | ||
| 082 | _a0 | ||
| 100 |
_aمحفوظ، سامي _eمؤلف |
||
| 245 | 0 |
_aمحاضرات في الإعلام الآلي 4 / _c سامي محفوظ |
|
| 260 |
_aالجزائر _bجامعة الجزائر3: كلية العلوم الإقتصادية، العلوم التجارية وعلوم التسيير _c2024 |
||
| 300 |
_a118 ورقة _bايضاحات _c12 سم |
||
| 504 | _aالمراجع ص.118 | ||
| 520 | _aهذه المطبوعة تقدم دليلاً شاملاً ومتكاملاً حول قواعد البيانات وتصميمها وإدارتها. تبدأ بمدخل عام يتناول المفاهيم الأساسية مثل البيانات والمعلومات وأهمية قواعد البيانات، إلى جانب أنواعها ومستخدميها. ينتقل المحتوى إلى نظم إدارة قواعد البيانات (DBMS) ويستعرض وظائفها ومزاياها وعيوبها. كما يتم التعمق في تصميم قواعد البيانات العلائقية باستخدام طريقة "موريز"، بدءًا من النموذج المفاهيمي (CDM) إلى النموذج المنطقي (LDM) وأخيرًا النموذج الفيزيائي (PDM)، مع شرح قواعد الانتقال بينها وتوضيحها بأمثلة تطبيقية. يتضمن الجزء العملي كيفية إنشاء قواعد بيانات باستخدام MS Access، بما يشمل إنشاء الجداول والاستعلامات والنماذج والتقارير. وختامًا، يتم تسليط الضوء على لغة SQL، أهميتها وأوامرها الأساسية المتعلقة بتعريف البيانات ومعالجتها. المطبوعة تُعد مرجعًا مثاليًا للطلاب والمهتمين بأساسيات قواعد البيانات وتصميمها وتنفيذها. | ||
| 653 | _aالإعلام الآلي - محاضرات | ||
| 710 |
_aجامعة الجزائر3: كلية العلوم الإقتصادية، العلوم التجارية وعلوم التسيير _eناشر علمي |
||
| 942 | _cHANDOUT | ||
| 999 |
_c41445 _d41445 |
||